000 00944nam a22002537a 4500
003 UA-OsUOA
001 44354
007 ta
008 20101012b un ||||| |||| 00| 0 ukr d
100 _aКирій В.
700 _aСікора Л.
090 _a94(477).01
_bК43
942 _cBK
040 _aUA-OsUOA
_bukr
_cUA-OsUOA
_dUA-OsUOA
245 _aДописемний період села Гаї Нижні (спроба реконструкції)
_bЕтногенеза субетносу бойків у контексті етнокультурних реалій давньої істоії Європи
300 _a167 с.
955 _a4
041 _aukr
080 _a94(477).01
260 _aДрогобич
_c2010
650 7 _a9 Географія. Біографії. Історія
_2UDC
999 _c424417
_d424417